[Event "SWE-DEN (Women)"]
[Site "chess24.com INT"]
[Date "2020.06.17"]
[Round "1.1"]
[White "Agrest, Inna"]
[Black "Frank Nielsen, Marie"]
[Result "1-0"]
[WhiteElo "2284"]
[BlackElo "1992"]
[PlyCount "123"]
[EventDate "2020.06.17"]
[EventType "team-match (rapid)"]
[EventRounds "6"]
[EventCountry "SWE"]
[SourceTitle "CBM 196 Extra"]
[Source "ChessBase"]
[SourceDate "2020.07.31"]
[SourceVersion "1"]
[SourceVersionDate "2020.07.31"]
[SourceQuality "1"]
[WhiteTeam "Sweden"]
[BlackTeam "Denmark"]
[WhiteTeamCountry "SWE"]
[BlackTeamCountry "DEN"]

1. e4 c5 2. Nf3 e6 3. d4 cxd4 4. Nxd4 a6 5. Bd3 Qc7 6. 0-0 d6 7. a4 Nf6 8. a5 Be7 9. Nd2 Nbd7 10. c3 h5 11. Qe2 d5 12. exd5 Nxd5 13. N2f3 Nf4 14. Bxf4 Qxf4 15. Rfe1 0-0 16. Bc2 Nf6 17. Ne5 h4 18. g3 Qh6 19. Rad1 Bd8 20. b4 Bc7 21. Ndf3 hxg3 22. hxg3 Qh3 23. Ng5 Qh6 24. Ngf3 Qh3 25. Qf1 Qh6 26. Kg2 b5 27. axb6 Bxb6 28. Qe2 Bb7 29. Rh1 Nh5 30. Rh4 Bd8 31. Rh3 g6 32. Rdh1 Qg7 33. Be4 Bxe4 34. Qxe4 Bf6 35. g4 Bxe5 36. Nxe5 f5 37. Qd4 fxg4 38. Rxh5 gxh5 39. Rxh5 Rf5 40. Rxf5 exf5 41. Qd5+ Kh7 42. Qxa8 Qxe5 43. Qb7+ Kg6 44. Qxa6+ Kg5 45. Qd3 Kh4 46. Qg3+ Qxg3+ 47. fxg3+ Kg5 48. b5 f4 49. gxf4+ Kxf4 50. b6 g3 51. b7 Ke3 52. b8Q Kd3 53. Kxg3 Kc2 54. c4 Kc1 55. c5 Kc2 56. c6 Kc1 57. c7 Kc2 58. c8Q+ Kd2 59. Qb4+ Ke3 60. Qcc3+ Ke2 61. Qd2+ Kf1 62. Qe1# 1-0

[Event "SWE-DEN (Women)"]
[Site "chess24.com INT"]
[Date "2020.06.17"]
[Round "6.5"]
[White "Frank Nielsen, Marie"]
[Black "Miloradovic, Jelena"]
[Result "0-1"]
[WhiteElo "1992"]
[BlackElo "2056"]
[PlyCount "62"]
[EventDate "2020.06.17"]
[EventType "team-match (rapid)"]
[EventRounds "6"]
[EventCountry "SWE"]
[SourceTitle "CBM 196 Extra"]
[Source "ChessBase"]
[SourceDate "2020.07.31"]
[SourceVersion "1"]
[SourceVersionDate "2020.07.31"]
[SourceQuality "1"]
[WhiteTeam "Denmark"]
[BlackTeam "Sweden"]
[WhiteTeamCountry "DEN"]
[BlackTeamCountry "SWE"]

1. e4 e6 2. d4 d5 3. e5 c5 4. c3 Nc6 5. Nf3 Bd7 6. Bd3 cxd4 7. 0-0 dxc3 8. Nxc3 Nge7 9. h4 h5 10. Re1 a6 11. Ng5 g6 12. Nge4 dxe4 13. Nxe4 Nd5 14. Nd6+ Bxd6 15. exd6 Qa5 16. Bg5 Kf8 17. Qf3 Kg7 18. a3 Nd4 19. Qe4 Nf5 20. Rad1 Rhe8 21. Bb1 f6 22. Bd2 Qa4 23. Qf3 Nxd6 24. Bxg6 Kxg6 25. Qg3+ Qg4 26. Qxd6 Bc6 27. f3 Qxh4 28. Bc1 Rad8 29. Qc5 Qg3 30. Qc2+ f5 31. Qd2 Rh8 0-1

[Event "Bronshoj Lang Weekend"]
[Site "Copenhagen"]
[Date "2018.02.17"]
[Round "4"]
[White "Frank Nielsen, Marie"]
[Black "Petersen, Steen Brustrup"]
[Result "1/2-1/2"]
[WhiteElo "2014"]
[BlackElo "2144"]
[PlyCount "88"]
[EventDate "2018.02.15"]
[EventType "swiss"]
[EventRounds "7"]
[EventCountry "DEN"]
[SourceTitle "CBM 183 Extra"]
[Source "ChessBase"]
[SourceDate "2018.04.19"]
[SourceVersion "1"]
[SourceVersionDate "2018.04.19"]
[SourceQuality "1"]

1. e4 e5 2. Nf3 Nc6 3. Bb5 a6 4. Ba4 Nf6 5. d3 d6 6. c3 g6 7. 0-0 Bg7 8. h3 0-0 9. Re1 h6 10. Nbd2 b5 11. Bc2 Nh5 12. Nf1 Qf6 13. Ne3 Nf4 14. a4 Bd7 15. b4 Rfb8 16. a5 Re8 17. Bb3 Rab8 18. Nd5 Nxd5 19. Bxd5 Ne7 20. Bb3 c5 21. Be3 Rbc8 22. d4 cxd4 23. cxd4 Be6 24. d5 Bd7 25. Nh2 g5 26. Qd2 Qg6 27. Bb6 f5 28. f3 f4 29. Rac1 h5 30. Rc7 Rxc7 31. Bxc7 Rc8 32. Rc1 Bf8 33. Bb6 Qe8 34. Rxc8 Qxc8 35. Qc2 Kf7 36. Qxc8 Bxc8 37. Bd1 Ng8 38. Kf2 Nf6 39. Bd8 Be7 40. Bxe7 Kxe7 41. Nf1 g4 42. hxg4 hxg4 43. Nd2 g3+ 44. Kf1 Bd7 1/2-1/2

[Event "Lund CellaVision Cup"]
[Site "Lund"]
[Date "2017.08.04"]
[Round "1"]
[White "Volkov, Sergey"]
[Black "Frank Nielsen, Marie"]
[Result "1-0"]
[WhiteElo "2637"]
[BlackElo "1995"]
[PlyCount "79"]
[EventDate "2017.08.04"]
[EventType "swiss"]
[EventRounds "8"]
[EventCountry "SWE"]
[SourceTitle "CBM 180 Extra"]
[Source "ChessBase"]
[SourceDate "2017.10.06"]
[SourceVersion "1"]
[SourceVersionDate "2017.10.06"]
[SourceQuality "1"]

1. d4 Nf6 2. c4 g6 3. Nc3 Bg7 4. e4 d6 5. Be2 0-0 6. Nf3 Nbd7 7. 0-0 e5 8. Re1 Qe7 9. Bf1 c5 10. dxc5 dxc5 11. Nd5 Qd8 12. a3 Re8 13. b4 b6 14. Bb2 Bb7 15. Qb3 h6 16. Bc3 Nh7 17. Rad1 Qb8 18. g3 Ng5 19. Nxg5 hxg5 20. Bh3 Nf8 21. bxc5 bxc5 22. Rb1 Bc6 23. Qxb8 Raxb8 24. Rxb8 Rxb8 25. Ne7+ Kh7 26. Nxc6 Rb3 27. Bxe5 f6 28. Bd6 Rxa3 29. Bxc5 Rc3 30. Na5 Rc2 31. Bxa7 f5 32. exf5 Bc3 33. Re7+ Kg8 34. Nc6 gxf5 35. Bxf5 Rc1+ 36. Kg2 Bg7 37. Rc7 g4 38. Be3 Ra1 39. Rxg7+ Kh8 40. Rxg4 1-0

[Event "Copenhagen Bronshoj op"]
[Site "Copenhagen"]
[Date "2017.02.16"]
[Round "7"]
[White "Jacobsen, Mikkel Manosri"]
[Black "Frank Nielsen, Marie"]
[Result "1/2-1/2"]
[WhiteElo "2300"]
[BlackElo "1958"]
[PlyCount "97"]
[EventDate "2017.02.10"]
[EventType "swiss"]
[EventRounds "7"]
[EventCountry "DEN"]
[SourceTitle "CBM 176 Extra"]
[Source "ChessBase"]
[SourceDate "2017.03.02"]
[SourceVersion "1"]
[SourceVersionDate "2017.03.02"]
[SourceQuality "1"]

1. d4 Nf6 2. Nf3 g6 3. c4 Bg7 4. Nc3 0-0 5. Bg5 d6 6. e3 h6 7. Bh4 Bf5 8. Qb3 b6 9. h3 g5 10. Bg3 Nbd7 11. Qd1 Re8 12. Bd3 Bxd3 13. Qxd3 e5 14. Qc2 Nh5 15. 0-0 Nxg3 16. fxg3 Nf6 17. d5 Qd7 18. e4 Nh5 19. Kh2 Rf8 20. g4 Nf4 21. g3 Ng6 22. b4 c6 23. Qa4 Rfc8 24. dxc6 Qxc6 25. Qxc6 Rxc6 26. Nd2 a6 27. a4 Ne7 28. Rf3 Rc7 29. Rd3 Bf8 30. Ra3 Nc6 31. Nd5 Rb7 32. b5 Nd4 33. a5 axb5 34. a6 Rbb8 35. Rxd4 exd4 36. cxb5 Ra7 37. Nc4 Be7 38. Rd3 Bd8 39. Rxd4 Rc8 40. Ndxb6 Bxb6 41. Nxb6 Rc2+ 42. Kg1 Rb2 43. Rxd6 Rxb5 44. Nd7 Kg7 45. Kf2 Ra5 46. Nb8 Rb5 47. Nd7 Ra5 48. Nb8 Rb5 49. Nd7 1/2-1/2

[Event "Copenhagen Bronshoj op"]
[Site "Copenhagen"]
[Date "2017.02.14"]
[Round "5"]
[White "Andersen, Soren Mikkel"]
[Black "Frank Nielsen, Marie"]
[Result "0-1"]
[WhiteElo "2088"]
[BlackElo "1958"]
[PlyCount "80"]
[EventDate "2017.02.10"]
[EventType "swiss"]
[EventRounds "7"]
[EventCountry "DEN"]
[SourceTitle "CBM 176 Extra"]
[Source "ChessBase"]
[SourceDate "2017.03.02"]
[SourceVersion "1"]
[SourceVersionDate "2017.03.02"]
[SourceQuality "1"]

1. d4 Nf6 2. c4 g6 3. Nc3 Bg7 4. e4 d6 5. Nf3 0-0 6. Be2 Nbd7 7. 0-0 e5 8. Be3 h6 9. dxe5 dxe5 10. Nd2 Qe7 11. Nd5 Nxd5 12. cxd5 c6 13. dxc6 bxc6 14. Qc2 Bb7 15. Nb3 Rfc8 16. Rfd1 c5 17. Bg4 Rc7 18. Bxd7 Rxd7 19. Rxd7 Qxd7 20. Nxc5 Qc7 21. Rd1 Rc8 22. Qd2 Bc6 23. f3 h5 24. Na6 Qb7 25. Nb4 Bf8 26. Nxc6 Rxc6 27. Qd5 Qc7 28. Qd8 Qb7 29. Qd5 Qc7 30. Qd8 Qb7 31. b3 Qb4 32. Bh6 Qc5+ 33. Kh1 Rc8 34. Qg5 Bxh6 35. Qxh6 Qc2 36. Re1 Qf2 37. Rc1 Rc2 38. Rg1 Rxa2 39. Qg5 Qd4 40. Qf6 Ra1 0-1

[Event "Copenhagen Bronshoj op"]
[Site "Copenhagen"]
[Date "2016.??.??"]
[Round "5"]
[White "Laustsen, Lars"]
[Black "Frank Nielsen, Marie"]
[Result "1-0"]
[WhiteElo "2102"]
[BlackElo "1968"]
[PlyCount "81"]
[EventDate "2016.02.12"]
[EventType "swiss"]
[EventRounds "7"]
[EventCountry "DEN"]
[SourceTitle "CBM 170 Extra"]
[Source "ChessBase"]
[SourceDate "2016.02.25"]
[SourceVersion "1"]
[SourceVersionDate "2016.02.25"]
[SourceQuality "1"]

1. d4 Nf6 2. c4 g6 3. Nf3 Bg7 4. Nc3 d6 5. g3 0-0 6. Bg2 Nbd7 7. 0-0 c5 8. d5 a6 9. a4 Rb8 10. Re1 Ne8 11. e4 Nc7 12. Bf4 b5 13. cxb5 axb5 14. e5 b4 15. exd6 exd6 16. Ne4 Bxb2 17. Rb1 Bg7 18. Bxd6 Re8 19. Nxc5 Nf6 20. Rxe8+ Nfxe8 21. Bf4 Bf5 22. Rb3 Bf8 23. Nd3 Qxd5 24. Nfe5 Qe6 25. Nc6 Rb6 26. Ndxb4 Bc5 27. a5 Bg4 28. Qb1 Bf5 29. Qd1 Bg4 30. Qb1 Bf5 31. Qc1 Rxc6 32. Nxc6 Qxb3 33. Qxc5 Qd1+ 34. Bf1 Ne6 35. Ne7+ Kh8 36. Qc8 Nxf4 37. Qxe8+ Kg7 38. Nxf5+ Kf6 39. gxf4 gxf5 40. Qc6+ Kg7 41. a6 1-0

[Event "Amager-ch"]
[Site "Amager"]
[Date "2015.09.08"]
[Round "4"]
[White "Frank Nielsen, Marie"]
[Black "Moller, Arne Vagn"]
[Result "0-1"]
[WhiteElo "1926"]
[BlackElo "1738"]
[PlyCount "111"]
[EventDate "2015.08.18"]
[EventType "swiss"]
[EventRounds "7"]
[EventCountry "DEN"]
[SourceTitle "EXT 2023"]
[Source "ChessBase"]
[SourceDate "2022.10.05"]
[SourceVersion "1"]
[SourceVersionDate "2022.10.05"]
[SourceQuality "1"]

1. e4 c5 2. c3 d5 3. exd5 Qxd5 4. d4 e5 5. dxe5 Qxe5+ 6. Be3 Nf6 7. Nf3 Qc7 8. Bb5+ Bd7 9. Qe2 Be7 10. Na3 a6 11. Bxd7+ Nbxd7 12. 0-0 0-0 13. Rad1 b5 14. c4 b4 15. Nc2 Rfe8 16. Qd3 Nf8 17. Qf5 Ne6 18. Ng5 Bd6 19. h4 Nxg5 20. hxg5 Bh2+ 21. Kh1 Ne4 22. Rd7 Qe5 23. Qxf7+ Kh8 24. Qd5 Bf4 25. Qxe5 Bxe5 26. b3 Nc3 27. Bxc5 a5 28. Re1 Nxa2 29. g3 a4 30. bxa4 b3 31. Nd4 b2 32. Ba3 Bxd4 33. Rxe8+ Rxe8 34. Bxb2 Bxb2 35. c5 Nb4 36. Rb7 Bc3 37. c6 Nxc6 38. Rc7 Bd4 39. Rxc6 Bxf2 40. Kg2 Be3 41. g6 hxg6 42. Rxg6 Kh7 43. Ra6 Re5 44. Kf3 Bd4 45. Kg4 Rc5 46. Kf4 Bf6 47. Ra8 Bc3 48. Kg4 Kg6 49. Kh3 Kf6 50. Kg2 Kf5 51. Kf3 g6 52. Ra6 Be1 53. Kg2 Rc2+ 54. Kh3 Rc4 55. Ra8 Bc3 56. a5 0-1

[Event "Amager-ch"]
[Site "Amager"]
[Date "2015.09.01"]
[Round "3"]
[White "Frank Nielsen, Marie"]
[Black "Varming, Thomas"]
[Result "1/2-1/2"]
[WhiteElo "1926"]
[BlackElo "1853"]
[PlyCount "65"]
[EventDate "2015.08.18"]
[EventType "swiss"]
[EventRounds "7"]
[EventCountry "DEN"]
[SourceTitle "EXT 2023"]
[Source "ChessBase"]
[SourceDate "2022.10.05"]
[SourceVersion "1"]
[SourceVersionDate "2022.10.05"]
[SourceQuality "1"]

1. e4 e5 2. Nf3 Nc6 3. Bb5 a6 4. Ba4 Nf6 5. d3 b5 6. Bb3 Bb4+ 7. c3 Be7 8. 0-0 d6 9. a4 Bb7 10. Na3 0-0 11. Bg5 bxa4 12. Bxa4 Nd7 13. h4 Kh8 14. Bc2 f6 15. Bd2 Qe8 16. Nc4 Qh5 17. Ne3 f5 18. Nxf5 Rxf5 19. exf5 Bxh4 20. Nxh4 Qxh4 21. Ra4 Qe7 22. Qh5 Nf6 23. Qh3 Qd7 24. Bg5 Ne7 25. Rb4 c5 26. Ba4 Qc7 27. Rh4 Ned5 28. Bd1 Rf8 29. Bc1 Bc8 30. Qh2 Bxf5 31. Be2 Ne7 32. Bg5 Ng6 33. Ra4 1/2-1/2

[Event "Olympiad Women-41"]
[Site "Tromsoe"]
[Date "2014.08.11"]
[Round "9.3"]
[White "Frank Nielsen, Marie"]
[Black "Sikorova, Olga"]
[Result "0-1"]
[WhiteElo "1969"]
[BlackElo "2289"]
[PlyCount "116"]
[EventDate "2014.08.02"]
[EventType "team-swiss"]
[EventRounds "11"]
[EventCountry "NOR"]
[SourceTitle "CBM 162"]
[Source "ChessBase"]
[SourceDate "2014.09.17"]
[SourceVersion "1"]
[SourceVersionDate "2014.09.17"]
[SourceQuality "1"]
[WhiteTeam "Denmark (W)"]
[BlackTeam "Czech Republic (W)"]
[WhiteTeamCountry "DEN"]
[BlackTeamCountry "CZE"]

1. e4 e6 2. d4 d5 3. e5 c5 4. c3 Nc6 5. Nf3 Bd7 6. Bd3 cxd4 7. 0-0 Rc8 8. Re1 Nge7 9. h4 h6 10. h5 a6 11. a3 Nf5 12. Bxf5 exf5 13. cxd4 Be6 14. Nc3 g5 15. hxg6 fxg6 16. Ne2 g5 17. Nh2 f4 18. Bxf4 gxf4 19. Nxf4 Qd7 20. Qd3 Qf7 21. Nxe6 Qxe6 22. f4 Nxd4 23. Rf1 Bc5 24. Kh1 Qf5 25. Qg3 Kf7 26. e6+ Nxe6 27. Ng4 Qh5+ 28. Nh2 Rhg8 29. Qd3 Nd4 30. b4 Bb6 31. Rae1 Rc2 32. Qh7+ Rg7 33. Re7+ Kxe7 34. Qxg7+ Qf7 35. Qxh6 Rc6 36. Qh4+ Kf8 37. Ng4 Nf5 38. Qh8+ Qg8 39. Qxg8+ Kxg8 40. Rf3 d4 41. g3 Rg6 42. Ne5 Rxg3 43. Rxg3+ Nxg3+ 44. Kg2 Nf5 45. Kf3 Nd6 46. Ke2 Nb5 47. Nc4 Bc7 48. Kd3 Bxf4 49. a4 Nd6 50. Kxd4 Nxc4 51. Kxc4 Kf7 52. Kc5 Bc7 53. b5 a5 54. b6 Bg3 55. Kc4 Ke6 56. Kc5 Be1 57. Kc4 Kd6 58. Kb5 Bb4 0-1

[Event "Olympiad Women-41"]
[Site "Tromsoe"]
[Date "2014.08.10"]
[Round "8.3"]
[White "Prado, Alexandra"]
[Black "Frank Nielsen, Marie"]
[Result "1/2-1/2"]
[WhiteElo "1831"]
[BlackElo "1969"]
[PlyCount "82"]
[EventDate "2014.08.02"]
[EventType "team-swiss"]
[EventRounds "11"]
[EventCountry "NOR"]
[SourceTitle "CBM 162"]
[Source "ChessBase"]
[SourceDate "2014.09.17"]
[SourceVersion "1"]
[SourceVersionDate "2014.09.17"]
[SourceQuality "1"]
[WhiteTeam "Bolivia (W)"]
[BlackTeam "Denmark (W)"]
[WhiteTeamCountry "BOL"]
[BlackTeamCountry "DEN"]

1. e4 c5 2. c3 d5 3. exd5 Qxd5 4. d4 Nf6 5. dxc5 Qxd1+ 6. Kxd1 e5 7. Be3 Ng4 8. b4 Be7 9. Nf3 0-0 10. Bc4 Nxe3+ 11. fxe3 Nc6 12. Ke2 Bf5 13. Nbd2 Kh8 14. h3 Bg6 15. Bb5 Bf6 16. Nc4 e4 17. Nd4 Ne7 18. Nd6 Nd5 19. Rac1 Bg5 20. Nxb7 Nxe3 21. g3 Nd5 22. Rc2 h5 23. Nd6 Ne3 24. Rb2 h4 25. g4 Nd5 26. Rc2 Nf4+ 27. Ke1 Nd3+ 28. Bxd3 exd3 29. Rf2 a5 30. b5 Ra7 31. Nc6 Rc7 32. Rhf1 Be3 33. Rf3 Bxc5 34. Nf5 Rd7 35. Kd2 a4 36. Re1 Rb7 37. c4 f6 38. Rxd3 Bf7 39. Kc3 Bf2 40. Re7 Rxe7 41. Ncxe7 Be1+ 1/2-1/2

[Event "Olympiad Women-41"]
[Site "Tromsoe"]
[Date "2014.08.04"]
[Round "3.3"]
[White "Frank Nielsen, Marie"]
[Black "Groves, Carey"]
[Result "1-0"]
[WhiteElo "1969"]
[BlackElo "2027"]
[PlyCount "55"]
[EventDate "2014.08.02"]
[EventType "team-swiss"]
[EventRounds "11"]
[EventCountry "NOR"]
[SourceTitle "CBM 162"]
[Source "ChessBase"]
[SourceDate "2014.09.17"]
[SourceVersion "1"]
[SourceVersionDate "2014.09.17"]
[SourceQuality "1"]
[WhiteTeam "Denmark (W)"]
[BlackTeam "Scotland (W)"]
[WhiteTeamCountry "DEN"]
[BlackTeamCountry "SCO"]

1. e4 d6 2. d4 Nf6 3. Nc3 g6 4. h3 c6 5. Be3 Bg7 6. Nge2 Qa5 7. Ng3 h5 8. Bd3 Nbd7 9. 0-0 c5 10. dxc5 dxc5 11. f4 h4 12. Nge2 Nb6 13. e5 Nh5 14. Bb5+ Bd7 15. Bxd7+ Nxd7 16. Qd3 e6 17. Ne4 Bf8 18. Rad1 Qc7 19. N2c3 a6 20. Rd2 Be7 21. Rfd1 0-0-0 22. Nd6+ Bxd6 23. Qxd6 Qxd6 24. Rxd6 Ng3 25. Bf2 Nf5 26. R6d2 b6 27. Na4 Ne7 28. Rxd7 1-0

[Event "Copenhagen Bronshoj-ch"]
[Site "Copenhagen"]
[Date "2014.05.22"]
[Round "8"]
[White "Frank Nielsen, Marie"]
[Black "Christensen, Esben"]
[Result "1/2-1/2"]
[WhiteElo "2002"]
[BlackElo "2033"]
[PlyCount "33"]
[EventDate "2014.03.06"]
[EventType "tourn"]
[EventRounds "9"]
[EventCountry "DEN"]
[SourceTitle "EXT 2016"]
[Source "ChessBase"]
[SourceDate "2015.10.08"]
[SourceVersion "1"]
[SourceVersionDate "2015.10.08"]
[SourceQuality "1"]

1. e4 c5 2. Nf3 e6 3. d4 cxd4 4. Nxd4 Nf6 5. Nc3 d6 6. Be2 a6 7. a4 Qc7 8. 0-0 b6 9. f4 Nbd7 10. Bf3 Bb7 11. Kh1 Rc8 12. Qe1 Be7 13. Be3 0-0 14. Nb3 Rfe8 15. Rd1 e5 16. f5 Nc5 17. Nxc5 1/2-1/2

[Event "Copenhagen Challenge"]
[Site "Ballerup"]
[Date "2014.05.18"]
[Round "8"]
[White "Frank Nielsen, Marie"]
[Black "Petrovski, Petruli"]
[Result "1/2-1/2"]
[WhiteElo "1992"]
[BlackElo "1866"]
[PlyCount "47"]
[EventDate "2014.05.14"]
[EventType "swiss"]
[EventRounds "9"]
[EventCountry "DEN"]
[SourceTitle "CBM 160 Extra"]
[Source "ChessBase"]
[SourceDate "2014.07.01"]
[SourceVersion "1"]
[SourceVersionDate "2014.07.01"]
[SourceQuality "1"]

1. e4 e6 2. d4 d5 3. e5 Bd7 4. Nf3 a6 5. a4 c5 6. c3 Nc6 7. dxc5 Bxc5 8. b4 Ba7 9. Bd3 h6 10. 0-0 Nge7 11. Na3 Qc7 12. Bf4 f5 13. b5 Na5 14. Bd2 Nc4 15. Bxc4 dxc4 16. Qe2 axb5 17. Nxb5 Bxb5 18. axb5 0-0 19. Rab1 Bb6 20. Be3 Bxe3 21. Qxe3 Nd5 22. Qd4 g5 23. Rfe1 Ra3 24. h4 1/2-1/2

[Event "Copenhagen Challenge"]
[Site "Ballerup"]
[Date "2014.05.15"]
[Round "3"]
[White "Rosenkilde, Alexander"]
[Black "Frank Nielsen, Marie"]
[Result "1-0"]
[WhiteElo "2271"]
[BlackElo "1992"]
[PlyCount "103"]
[EventDate "2014.05.14"]
[EventType "swiss"]
[EventRounds "9"]
[EventCountry "DEN"]
[SourceTitle "CBM 160 Extra"]
[Source "ChessBase"]
[SourceDate "2014.07.01"]
[SourceVersion "1"]
[SourceVersionDate "2014.07.01"]
[SourceQuality "1"]

1. d4 Nf6 2. c4 g6 3. Nc3 Bg7 4. e4 d6 5. Nf3 0-0 6. Be2 e5 7. 0-0 Nc6 8. d5 Ne7 9. b4 Nh5 10. Re1 f5 11. Ng5 Nf6 12. f3 f4 13. c5 h6 14. Ne6 Bxe6 15. dxe6 dxc5 16. bxc5 Qd4+ 17. Qxd4 exd4 18. Nb5 Nxe4 19. fxe4 d3 20. Rb1 dxe2 21. Nxc7 Bd4+ 22. Kh1 Rad8 23. Bb2 Bxc5 24. Rxe2 f3 25. gxf3 Rxf3 26. Be5 b6 27. Kg2 Rdf8 28. Rd1 g5 29. Bg3 h5 30. Nd5 Ng6 31. h3 g4 32. hxg4 h4 33. Bc7 h3+ 34. Kh2 Rc8 35. Bg3 Kg7 36. g5 Re8 37. Nc7 Re7 38. Rd7 Nf8 39. Be5+ Kg6 40. Rxe7 Bxe7 41. Nd5 Bxg5 42. e7 Bxe7 43. Nxe7+ Kf7 44. Nf5 Nd7 45. Bg3 Nc5 46. Nd4 Rd3 47. Nc6 Ra3 48. e5 Ra4 49. Kxh3 Ne4 50. Bh4 Nc3 51. e6+ Ke8 52. Rd2 1-0

[Event "Copenhagen Bronshoj-ch"]
[Site "Copenhagen"]
[Date "2014.05.08"]
[Round "7"]
[White "Nielsen, Viktor Haarmark"]
[Black "Frank Nielsen, Marie"]
[Result "1-0"]
[WhiteElo "2015"]
[BlackElo "2002"]
[PlyCount "156"]
[EventDate "2014.03.06"]
[EventType "tourn"]
[EventRounds "9"]
[EventCountry "DEN"]
[SourceTitle "EXT 2016"]
[Source "ChessBase"]
[SourceDate "2015.10.08"]
[SourceVersion "1"]
[SourceVersionDate "2015.10.08"]
[SourceQuality "1"]

1. e4 c5 2. c3 d5 3. exd5 Qxd5 4. d4 Nf6 5. Nf3 Bg4 6. Be2 e6 7. Na3 a6 8. Nc2 Bh5 9. 0-0 Be7 10. Ne3 Qd8 11. Qa4+ Nbd7 12. dxc5 Bxc5 13. c4 0-0 14. b4 Be7 15. Bb2 Qc7 16. a3 Qf4 17. Rfd1 Rad8 18. Rd4 Qc7 19. Rad1 e5 20. R4d2 Rfe8 21. Qb3 Qb8 22. c5 e4 23. Nd4 Bxe2 24. Nxe2 Ne5 25. Rxd8 Bxd8 26. Nc4 Nd3 27. Bd4 Rf8 28. h3 Bc7 29. Nb2 Nf4 30. Nxf4 Bxf4 31. Be3 Bc7 32. Nc4 Qe8 33. Nd6 Qc6 34. Bg5 b6 35. Be3 bxc5 36. bxc5 Ne8 37. Qd5 Qxd5 38. Rxd5 Nf6 39. Rd4 Rb8 40. g3 Rb3 41. a4 Kf8 42. Nxe4 Ne8 43. Nd6 Nf6 44. Ne4 Ne8 45. c6 Bb6 46. Rc4 Bxe3 47. fxe3 Nc7 48. Kf2 Ke7 49. Kf3 f5 50. Nc5 Rb6 51. Nb7 Ke6 52. a5 Rb1 53. Rc5 Rf1+ 54. Kg2 Rd1 55. g4 g6 56. gxf5+ gxf5 57. Kf2 Rd2+ 58. Kf3 Rd1 59. Kg3 Rg1+ 60. Kf2 Rd1 61. h4 Rd2+ 62. Kf3 Rd1 63. Kf4 Rf1+ 64. Kg3 Rg1+ 65. Kf2 Rd1 66. Rc2 Rh1 67. Rd2 Rh2+ 68. Ke1 Rh1+ 69. Ke2 Rh2+ 70. Kd3 Rxd2+ 71. Kxd2 Kd5 72. Nd8 Nb5 73. Kd3 Nc7 74. h5 Ne8 75. h6 Nc7 76. Nf7 Kxc6 77. Ng5 Ne8 78. Nxh7 Nd6 1-0

[Event "Copenhagen Bronshoj-ch"]
[Site "Copenhagen"]
[Date "2014.05.01"]
[Round "9"]
[White "Petersen, Steen"]
[Black "Frank Nielsen, Marie"]
[Result "1-0"]
[WhiteElo "2063"]
[BlackElo "2002"]
[PlyCount "55"]
[EventDate "2014.03.06"]
[EventType "tourn"]
[EventRounds "9"]
[EventCountry "DEN"]
[SourceTitle "EXT 2016"]
[Source "ChessBase"]
[SourceDate "2015.10.08"]
[SourceVersion "1"]
[SourceVersionDate "2015.10.08"]
[SourceQuality "1"]

1. e4 c5 2. Nf3 e6 3. d4 cxd4 4. Nxd4 a6 5. Nc3 Qc7 6. Bd3 Nc6 7. Nxc6 bxc6 8. Qe2 d6 9. f4 Nf6 10. 0-0 h5 11. Kh1 e5 12. fxe5 dxe5 13. Be3 Be7 14. Na4 c5 15. Nc3 Bg4 16. Qf2 Be6 17. Nd5 Nxd5 18. exd5 Bxd5 19. Be4 Bxe4 20. Qxf7+ Kd7 21. Rad1+ Kc6 22. Qe6+ Bd6 23. Rf7 Qd8 24. Qc4 Bxg2+ 25. Kxg2 Qc8 26. Qe4+ Kb5 27. Rb7+ Ka5 28. Bd2# 1-0